000 00711nam a2200241Ia 4500
003 OSt
005 20220923224040.0
006 a|||||r|||| 00| 0
007 ta
008 Pun
024 _a224,473
037 _cTextual
040 _aARTS
_cARTS
_bPun
041 _2Pun
_aPun
082 _aO153,3N41,HI, N3.1
100 _aਕਲੋਟੀ, ਕੇਵਲ
245 0 _aਹੋਣੀ ਇਕ ਦੇF ਦੀ
260 _aਅੰਮ੍ਰਿਤਸਰ
_b ਰਵੀ ਸਾਹਿੱਤ ਪ੍ਰਕਾFਨ
_c1993
300 _a296ਪੰ
_ccm.
650 _aਪੰਜਾਬੀ ਸਾਹਿਤ
942 _hO153,3N41,HI, N3.1
_cTEXL
_2CC
999 _c368879
_d368879